01208nam a2200241Ia 4500001000600000003000900006008004100015040001300056040001300069041001300082100002200095100002900117245004700146245004700193250001100240260000900251260001100260260004900271300004300320500054400363650002800907650003100935E9026IT-RoPAU130308s9999 xx 000 0 und d aIT-RoPAU cIT-RoPAU aITALIANO aEsposito Vincenzo gCodice Aut. SPICS: 45203 aAlf Sjoberg, un maestro del cinema svedese bAlf Sjoberg, un maestro del Cinema Svedese a1a ed. aROMA bArnica c1997 [1° Ed.:1997 - Ed.Ling.Originale:1997] a"112 p. (prefazione: no ; testo: 112)" aMonografia con Vita e Opere Cinematografiche del regista Svedese Alf Sjoberg (1903 1980). dei Suoi Film Ricordiamo: Il Piu' forte (1929), Ad Ogni costo (1939), Il Tempo della Fioritura (1940), ritorno da Babilonia (1941), Ilgioco del Cielo (1942), caccia Reale (1944), Spasimo (1944), via da Casa (1945), Iris e Il Cuore del Tenente (1946), Solo una madre (1949), la Notte del piacere (1951), Barabba (1953), Karin Mansdotter (1954), Uccelli selvaggi (1955), fuori l'ultima coppia (1956), Il giudice (1960), L'Isola (1966),Il padre (1969). aAUTORI/OPERE DEL CINEMA eCodice materia Spics: 6807